01010nam a2200325 a 4500003000900000005001700009008004100026020001800067040001300085100003400098245008700132260002900219300002600248490003400274504003100308650003500339650002500374650001300399650003000412650001500442650003000457650002800487650002800515651001300543653001900556653002400575653002200599653002900621700003400650AR-BaBNM20251128205717.0082120s2002 ||||||||||||||000 | spa|| a84-7738-072-4 cAR-BaBNM1 aJiménez González, Juan E.00aCómo prevenir y corregir las dificultades en el aprendizaje de la lectoescritura aMadridbSíntesisc1995 a157 p.bil., gráfs. 0aAplicación en el aulavv. 5 aBibliografía: p. 147-157 4aDIFICULTADES EN EL APRENDIZAJE 4aPROBLEMAS DE LECTURA 4aDISLEXIA 4aDETECCION DE DEFICIENCIAS 4aPERCEPCION 4aACTIVIDADES SENSOMOTRICES 4aDESARROLLO COGNOSCITIVO 4aDESARROLLO DEL LENGUAJE 4aEspaña aLECTOESCRITURA aCOMPRENSION LECTORA aEDUCACION INICIAL aEDUCACION GENERAL BASICA1 aArtiles Hernández, Ceferino